Statistics for Brazil National Football Team

Click here to take the quiz!

General Stats

  • This quiz has been taken 1,305 times
    (1,196 since last reset)
  • The average score is 10 of 18

Answer Stats

GoalsCapsPlayer% Correct
79128Neymar
99%
7792Pelé
98%
6298Ronaldo
94%
3397Ronaldinho
89%
7113Thiago Silva
77%
11125Roberto Carlos
76%
3474Rivaldo
73%
4142Cafu
69%
5570Romário
57%
8126Dani Alves
56%
4871Zico
48%
4105Lúcio
35%
28100Robinho
33%
3381Jairzinho
32%
3975Bebeto
31%
0104Cláudio Taffarel
27%
398Djalma Santos
11%
3838Leônidas
6%

Score Distribution

Percentile by Number Answered

Percent of People with Each Score

Your Score History

You have not taken this quiz since the last reset